| 000 | 00403nam a22001697a 4500 | ||
|---|---|---|---|
| 003 | MPLRDC | ||
| 005 | 20220104144506.0 | ||
| 008 | 210129b ||||| |||| 00| 0 eng d | ||
| 082 | _a121.26 YBJ c.2 | ||
| 100 | _a杨伯峻 译注 | ||
| 245 |
_a孟子译注 _c |
||
| 250 | _a初版 | ||
| 260 |
_a _b中华书局 _c1984 |
||
| 300 | _b平 | ||
| 650 | _a先秦哲学--孟子 | ||
| 942 |
_cBK _o121.26 YBJ c.2 |
||
| 999 |
_c50144 _d50134 |
||